Entry Personal Name
Number of records used in: 1
001 - CONTROL NUMBER
003 - CONTROL NUMBER IDENTIFIER
005 - DATE AND TIME OF LATEST TRANSACTION
- control field:
20180412115324.0
008 - FIXED-LENGTH DATA ELEMENTS
- fixed length control field:
180412|| aca||aabn | a|a d
040 ## - CATALOGING SOURCE
- Original cataloging agency:
OSt
- Transcribing agency:
OSt
100 ## - HEADING--PERSONAL NAME
- Personal name:
Chaturvedi, Dr. R.G.
670 ## - SOURCE DATA FOUND
- Source citation:
Work cat.: (OSt)2528: Chaturvedi, Dr. R.G., Law and Practice of Sewritiection & Reconstruction of Financial assets and enter cement of securities intrest, 2010